Icons Men And Women Who Sharped Todays India (Record no. 318481)
[ view plain ]
| 000 -LEADER | |
|---|---|
| fixed length control field | 00383nam a2200145Ia 4500 |
| 008 - FIXED-LENGTH DATA ELEMENTS--GENERAL INFORMATION | |
| fixed length control field | 230718s9999 xx 000 0 und d |
| 041 ## - LANGUAGE CODE | |
| Language code of text/sound track or separate title | eng |
| 082 ## - DEWEY DECIMAL CLASSIFICATION NUMBER | |
| Classification number | 704 |
| Item number | DHA |
| 100 ## - MAIN ENTRY--PERSONAL NAME | |
| Personal name | Dharker A. Ed. |
| 9 (RLIN) | 146344 |
| 245 ## - TITLE STATEMENT | |
| Title | Icons Men And Women Who Sharped Todays India |
| 260 ## - PUBLICATION, DISTRIBUTION, ETC. (IMPRINT) | |
| Name of publisher, distributor, etc. | Lotus |
| 365 ## - TRADE PRICE | |
| Currency code | Rs. |
| Price amount | 395.00 |
| 700 ## - ADDED ENTRY--PERSONAL NAME | |
| Personal name | Dharker A. Ed. |
| 9 (RLIN) | 146344 |
| 906 ## - LOCAL DATA ELEMENT F, LDF (RLIN) | |
| d | B:361429-Feb-2008 |
| c | OTH |
| Withdrawn status | Lost status | Damaged status | Not for loan | Home library | Current library | Date acquired | Vendor | Budget Code | Cost, normal purchase price | Bill number | Total Checkouts | Full call number | Barcode | Date last seen | Cost, replacement price | Bill Date | Koha item type | Original Barcode |
|---|---|---|---|---|---|---|---|---|---|---|---|---|---|---|---|---|---|---|
| Cummins College of Engineering for Women Pune | Cummins College of Engineering for Women Pune | 11/03/2008 | Tbs | OTH | 395.00 | 3614 | 704 | CCEP-BK-29688 | 18/07/2023 | 395.00 | 29/02/2008 | Books | 029688 |